Utah Jazz Starters of the Last 10 Years - Statistics

General Stats
  • This quiz has been taken 14 times
    6 since last reset
  • The average score is 22 of 79
Answer Stats
Games Year(s) Position Before Jazz Player % Correct
337 2018-22 SG/PG Louisville Donovan Mitchell
100%
68 2025-26 C Duke Kyle Filipowski
100%
210 2023-26 PF Cleveland Cavaliers Lauri Markkanen
100%
206 2020-23 PG Memphis Grizzlies Mike Conley
100%
422 2017-22 C Cholet (France) Rudy Gobert
100%
48 2024-26 SF Ohio State Brice Sensabaugh
75%
127 2023-25 SG/PG Cleveland Cavaliers Collin Sexton
75%
36 2026 C Charlotte Hornets Jusuf Nurkic
75%
5 2026 PF/C Miami Heat Kevin Love
75%
61 2026 SF Rutgers Ace Bailey
50%
204 2021-22 PFSF Indiana Pacers Bojan Bogdanovic
50%
186 2017-19 PF/C New Jersey Nets Derrick Favors
50%
49 2017 PG Indiana Pacers George Hill
50%
73 2017 SF/SG Butler Gordon Hayward
50%
65 2025-26 PG USC Isaiah Collier
50%
3 2026 C/PF Memphis Grizzlies Jaren Jackson Jr.
50%
279 2017-22 SF/PF Maccabi Tel Aviv (Israel) Joe Ingles
50%
93 2020-25 SG Cleveland Cavaliers Jordan Clarkson
50%
133 2024-26 PG Baylor Keyonte George
50%
144 2018-19 PG Minnesota Timberwolves Ricky Rubio
50%
230 2018-22 SF/SG Gran Canaria (Spain) Royce O'Neale
50%
1 2022 PF San Antonio Spurs Rudy Gay
50%
54 2025-26 SF Boston Celtics Svi Mykhailiuk
50%
32 2024-26 SF/PF UCF Taylor Hendricks
50%
125 2023-26 C Auburn Walker Kessler
50%
33 2017 PF San Antonio Spurs Boris Diaw
25%
62 2025-26 SG Colorado Cody Williams
25%
27 2017, 2019 PG/SG Australia Dante Exum
25%
4 2018-19 C Fenerbahce (Turkey) Ekpe Udoh
25%
2 2020 PG New York Knicks Emmanuel Mudiay
25%
3 2022 PF Golden State Warriors Eric Paschall
25%
11 2020-21 PF/SF Santa Cruz Warriors Georges Niang
25%
2 2019 SG/PG Duke Grayson Allen
25%
2 2025 SG/PG Boston Celtics Jaden Springer
25%
11 2019 SF Cleveland Cavaliers Jae Crowder
25%
1 2022 SG Baylor Jared Butler
25%
41 2023 SF/PF Minnesota Timberwolves Jarred Vanderbilt
25%
17 2017-18 SF/PF Miami Heat Joe Johnson
25%
97 2024-25 PF/SF Atlanta Hawks John Collins
25%
2 2023 SF Los Angeles Lakers Juan Toscano-Anderson
25%
35 2023-24 PG/SG Capital City Go-Go Kris Dunn
25%
13 2023 SG/PG Minnesota Timberwolves Malik Beasley
25%
1 2020 SG Yale Miye Oni
25%
5 2022-23 SF/SG New Orleans Pelicans Nickeil Alexander-Walker
25%
1 2019 PG Murcia (Spain) Raul Neto
25%
67 2017-18 SG/SF Duke Rodney Hood
25%
31 2023-24 SG/PG Los Angeles Lakers Talen Horton-Tucker
25%
3 2020 C North Carolina Tony Bradley
25%
4 2017 PF Kentucky Trey Lyles
25%
10 2022-23 C Kansas Udoka Azubuike
25%
1 2018 SG/PG Colorado Alec Burks
0%
2 2026 SF Mexico City Capitanes Andersson Garcia
0%
5 2026 SG Sioux Falls Skyforce Bez Mbeng
0%
3 2026 SF Rip City Remix Blake Hinson
0%
6 2022 SF/PF New York Knicks Danuel House Jr.
0%
4 2025 C Phoenix Suns Drew Eubanks
0%
1 2020 C Brooklyn Nets Ed Davis
0%
9 2026 SG San Diego Clippers Elijah Harkless
0%
1 2022 SF Syracuse Elijah Hughes
0%
1 2021 C Milwaukee Bucks Ersan Ilyasova
0%
8 2022 C Sacramento Kings Hassan Whiteside
0%
2 2020 PF Washington Wizards Jeff Green
0%
1 2017 C New Orleans Pelicans Jeff Withey
0%
7 2026 SG Memphis Grizzlies John Konchar
0%
23 2024-25 SG/SF UCLA Johnny Juzang
0%
19 2018 PF Boston Celtics Jonas Jerebko
0%
9 2022 PF/SF San Antonio Spurs Juancho Hernangomez
0%
76 2023-24 C/PF Detroit Pistons Kelly Olynyk
0%
2 2026 PG Delaware Blue Coats Kennedy Chandler
0%
9 2025 SF Philadelphia 76ers KJ Martin
0%
11 2023-24 PF/C Maine Celtics Luka Samanic
0%
10 2025 C/PF Detroit Pistons Micah Potter
0%
32 2023-24 PG/SG Kansas Ochai Agbaji
0%
12 2024 C Miami Heat Omer Yurtseven
0%
7 2025-26 PF/C Indiana Pacers Oscar Tshiebwe
0%
9 2017 PG Atlanta Hawks Shelvin Mack
0%
40 2023-24 SF/PF Baskonia (Spain) Simone Fontecchio
0%
8 2018-19 SF Atlanta Hawks Thabo Sefolosha
0%
6 2022 PG/SG Florida State Trent Forrest
0%
No matching quizzes found
Score Distribution
Percent of People with Each Score
Percentile by Number Answered
Your Score History
You have not taken this quiz since the last reset